[Event "Drammen Konnerud Autumn-A"]
[Site "Drammen"]
[Date "2020.08.02"]
[Round "3"]
[White "Rorvik, Jon Fredrik"]
[Black "Skogli, Paal"]
[Result "1-0"]
[WhiteElo "2186"]
[BlackElo "1783"]
[PlyCount "83"]
[EventDate "2020.08.19"]
[EventType "tourn"]
[EventRounds "13"]
[EventCountry "NOR"]
[SourceTitle "EXT 2024"]
[Source "ChessBase"]
[SourceDate "2023.10.10"]
[SourceVersion "1"]
[SourceVersionDate "2023.10.10"]
[SourceQuality "1"]

1. c4 e5 2. Nc3 Nf6 3. g3 c6 4. Nf3 Bd6 5. d4 e4 6. Ng5 Bb4 7. Bg2 d5 8. 0-0 h6 9. Nh3 0-0 10. Qb3 Qe7 11. cxd5 Bxc3 12. bxc3 cxd5 13. Ba3 Qd8 14. Bxf8 Kxf8 15. c4 dxc4 16. Qxc4 Nc6 17. e3 Kg8 18. Nf4 Ne7 19. Rfc1 g5 20. Ne2 Ned5 21. Nc3 Nb6 22. Qb4 Nbd5 23. Qb3 Be6 24. Nxe4 Nxe4 25. Bxe4 Nf6 26. Qd3 Nxe4 27. Qxe4 Bd5 28. Qf5 Be6 29. Qc2 Qd5 30. f3 Rc8 31. Qe2 Re8 32. Rc2 a6 33. Qf2 f5 34. Re1 Rf8 35. Rd2 g4 36. Rf1 Bd7 37. Rc2 b6 38. fxg4 Bb5 39. Qf3 Qd6 40. gxf5 Bd3 41. Rc6 Qe7 42. Qg4+ 1-0

[Event "Konnerud CC-ch"]
[Site "Konnerud"]
[Date "2020.02.26"]
[Round "4"]
[White "Skogli, Paal"]
[Black "Lurdalen, Svein Erik"]
[Result "0-1"]
[WhiteElo "1801"]
[BlackElo "1854"]
[PlyCount "42"]
[EventDate "2020.01.08"]
[EventType "swiss"]
[EventRounds "6"]
[EventCountry "NOR"]
[SourceTitle "EXT 2024"]
[Source "ChessBase"]
[SourceDate "2023.10.10"]
[SourceVersion "1"]
[SourceVersionDate "2023.10.10"]
[SourceQuality "1"]

1. d4 Nf6 2. Bg5 e6 3. Nf3 Be7 4. Nc3 b6 5. e4 Bb7 6. Bxf6 Bxf6 7. e5 Be7 8. Bd3 0-0 9. h4 f5 10. exf6 Bxf6 11. Bxh7+ Kxh7 12. Ng5+ Kh6 13. Qd3 Bxg5 14. hxg5+ Kxg5 15. Ne4+ Bxe4 16. Qxe4 Nc6 17. Qh4+ Kg6 18. Qh5+ Kf6 19. f4 Ke7 20. d5 Rh8 21. d6+ cxd6 0-1

[Event "Kragero op-B"]
[Site "Kragero"]
[Date "2020.02.23"]
[Round "9"]
[White "Berg, Thomas1111"]
[Black "Skogli, Paal"]
[Result "1/2-1/2"]
[WhiteElo "1636"]
[BlackElo "1801"]
[PlyCount "65"]
[EventDate "2020.02.19"]
[EventType "swiss"]
[EventRounds "9"]
[EventCountry "NOR"]
[SourceTitle "CBM 195 Extra"]
[Source "ChessBase"]
[SourceDate "2020.05.31"]
[SourceVersion "1"]
[SourceVersionDate "2020.05.31"]
[SourceQuality "1"]

1. e4 e6 2. d4 d5 3. exd5 exd5 4. Nf3 Nf6 5. h3 Bd6 6. Bd3 Nc6 7. c3 Be6 8. Be3 Qd7 9. Nbd2 h6 10. Qb3 Na5 11. Qb5 Qxb5 12. Bxb5+ c6 13. Bd3 b6 14. b4 Nb7 15. a4 a5 16. b5 c5 17. 0-0 g5 18. Ne5 Bxe5 19. dxe5 Nd7 20. f4 c4 21. Bc2 gxf4 22. Bxf4 Nbc5 23. Nf3 0-0-0 24. Nd4 Rdg8 25. Nc6 Kc7 26. Kh2 Re8 27. Rad1 Nd3 28. Bxd3 cxd3 29. Be3 Nc5 30. Bxc5 bxc5 31. Rxd3 Kb6 32. Rf6 h5 33. Rg3 1/2-1/2

[Event "Kragero op-B"]
[Site "Kragero"]
[Date "2020.02.22"]
[Round "7"]
[White "Austad, Eirik Strom"]
[Black "Skogli, Paal"]
[Result "1-0"]
[WhiteElo "1796"]
[BlackElo "1801"]
[PlyCount "63"]
[EventDate "2020.02.19"]
[EventType "swiss"]
[EventRounds "9"]
[EventCountry "NOR"]
[SourceTitle "CBM 195 Extra"]
[Source "ChessBase"]
[SourceDate "2020.05.31"]
[SourceVersion "1"]
[SourceVersionDate "2020.05.31"]
[SourceQuality "1"]

1. c4 e5 2. Nc3 Nf6 3. Nf3 Nc6 4. a3 d5 5. cxd5 Nxd5 6. Qc2 Nxc3 7. bxc3 Bc5 8. e3 Qe7 9. Bb5 Bd7 10. 0-0 Bd6 11. e4 0-0 12. d4 Bg4 13. Qd3 Rad8 14. d5 Nb8 15. h3 Bh5 16. c4 Nd7 17. Bxd7 Rxd7 18. g4 Bg6 19. Nd2 h5 20. Kg2 Bh7 21. Nb3 b6 22. f3 Rc8 23. Be3 c6 24. a4 cxd5 25. cxd5 Rdc7 26. Rfc1 Qd7 27. Rxc7 Rxc7 28. a5 hxg4 29. hxg4 b5 30. a6 Rc4 31. Na5 Bb4 32. Nxc4 1-0

[Event "Kragero op-B"]
[Site "Kragero"]
[Date "2020.02.22"]
[Round "8"]
[White "Skogli, Paal"]
[Black "Sekkingstad, Thomas"]
[Result "0-1"]
[WhiteElo "1801"]
[BlackElo "1758"]
[PlyCount "54"]
[EventDate "2020.02.19"]
[EventType "swiss"]
[EventRounds "9"]
[EventCountry "NOR"]
[SourceTitle "CBM 195 Extra"]
[Source "ChessBase"]
[SourceDate "2020.05.31"]
[SourceVersion "1"]
[SourceVersionDate "2020.05.31"]
[SourceQuality "1"]

1. d4 d5 2. c4 c6 3. Nc3 Nf6 4. Nf3 dxc4 5. e4 b5 6. e5 Nd5 7. Be2 e6 8. 0-0 Be7 9. Ne4 Nd7 10. a3 Bb7 11. Qc2 c5 12. Be3 Qc7 13. Bg5 cxd4 14. Bxe7 Kxe7 15. Nxd4 a6 16. f4 Ne3 17. Qb1 Nxf1 18. Kxf1 Nxe5 19. Ng3 Rad8 20. Ndf5+ exf5 21. Qxf5 g6 22. Qg5+ f6 23. Qh4 Nd3 24. Bxd3 cxd3 25. Re1+ Kf7 26. Nf5 d2 27. Nh6+ Kg7 0-1

[Event "Kragero op-B"]
[Site "Kragero"]
[Date "2020.02.21"]
[Round "6"]
[White "Skogli, Paal"]
[Black "Opseth, Oliver"]
[Result "1-0"]
[WhiteElo "1801"]
[BlackElo "1894"]
[PlyCount "63"]
[EventDate "2020.02.19"]
[EventType "swiss"]
[EventRounds "9"]
[EventCountry "NOR"]
[SourceTitle "CBM 195 Extra"]
[Source "ChessBase"]
[SourceDate "2020.05.31"]
[SourceVersion "1"]
[SourceVersionDate "2020.05.31"]
[SourceQuality "1"]

1. d4 Nf6 2. c4 c5 3. e3 d6 4. Nf3 g6 5. Nc3 Bg7 6. d5 Bg4 7. e4 Nbd7 8. Be2 a6 9. a4 0-0 10. 0-0 Bxf3 11. Bxf3 b5 12. cxb5 axb5 13. Nxb5 Ne5 14. Qe2 Qa5 15. Bd2 Nxf3+ 16. gxf3 Qa6 17. Qe3 Rfc8 18. Bc3 Nd7 19. Bxg7 Kxg7 20. f4 Nb6 21. f5 Nxa4 22. Nc3 Qc4 23. Nxa4 Rxa4 24. b3 Qxe4 25. Rxa4 Qxf5 26. Qe4 Qf6 27. f4 Rb8 28. Rf3 Qb2 29. Qd3 f6 30. Ra7 Kf7 31. Qe3 Qb1+ 32. Rf1 1-0

[Event "Konnerud CC-ch"]
[Site "Konnerud"]
[Date "2020.02.12"]
[Round "1"]
[White "Hefte, Kjetil"]
[Black "Skogli, Paal"]
[Result "0-1"]
[WhiteElo "1303"]
[BlackElo "1801"]
[PlyCount "50"]
[EventDate "2020.01.08"]
[EventType "swiss"]
[EventRounds "6"]
[EventCountry "NOR"]
[SourceTitle "EXT 2024"]
[Source "ChessBase"]
[SourceDate "2023.10.10"]
[SourceVersion "1"]
[SourceVersionDate "2023.10.10"]
[SourceQuality "1"]

1. d4 Nf6 2. Bf4 d5 3. e3 g6 4. Nf3 Bg7 5. c3 0-0 6. Nbd2 Nc6 7. Bd3 Bg4 8. h3 Bd7 9. Ne5 Nh5 10. Bh2 Nxe5 11. Bxe5 Bxe5 12. dxe5 c5 13. g4 Ng7 14. Qf3 Qc7 15. Qg3 Bc6 16. f4 d4 17. Be4 dxc3 18. bxc3 Qa5 19. 0-0 Qxc3 20. Qe1 Bxe4 21. Nxe4 Qc4 22. Nd2 Qd5 23. Qd1 Rfd8 24. Nb3 Qe4 25. Nxc5 Qxe3+ 0-1

[Event "Buskerud-ch op"]
[Site "Konnerud"]
[Date "2018.06.16"]
[Round "2"]
[White "Skogli, Paal"]
[Black "Leite, Steinar"]
[Result "1-0"]
[WhiteElo "1793"]
[BlackElo "1737"]
[PlyCount "63"]
[EventDate "2018.06.16"]
[EventType "swiss"]
[EventRounds "5"]
[EventCountry "NOR"]
[SourceTitle "EXT 2024"]
[Source "ChessBase"]
[SourceDate "2023.10.10"]
[SourceVersion "1"]
[SourceVersionDate "2023.10.10"]
[SourceQuality "1"]

1. d4 e6 2. e4 d5 3. c4 dxe4 4. Nc3 Nf6 5. f3 e3 6. Bxe3 Be7 7. Bd3 c6 8. Nge2 a5 9. 0-0 Nbd7 10. Qd2 e5 11. a3 exd4 12. Bxd4 0-0 13. Rad1 Re8 14. Rfe1 Nf8 15. Ne4 Be6 16. Qc3 Nxe4 17. Bxe4 Bf6 18. Bxf6 Qxf6 19. Qxf6 gxf6 20. c5 f5 21. Bc2 Nd7 22. b4 axb4 23. axb4 Ra2 24. Nd4 Nf6 25. Bxf5 Bc4 26. Rxe8+ Nxe8 27. Bc8 Ba6 28. Nf5 b5 29. Rd8 Kf8 30. Nd6 Bxc8 31. Rxe8+ Kg7 32. Rxc8 1-0

[Event "Konnerud CC-ch"]
[Site "Konnerud"]
[Date "2017.03.15"]
[Round "6"]
[White "Nass, Terje"]
[Black "Skogli, Paal"]
[Result "0-1"]
[WhiteElo "1667"]
[BlackElo "1827"]
[PlyCount "80"]
[EventDate "2017.01.11"]
[EventType "swiss"]
[EventRounds "9"]
[EventCountry "NOR"]
[SourceTitle "EXT 2024"]
[Source "ChessBase"]
[SourceDate "2023.10.10"]
[SourceVersion "1"]
[SourceVersionDate "2023.10.10"]
[SourceQuality "1"]

1. e4 e5 2. Bc4 Nc6 3. Nf3 Be7 4. 0-0 Nf6 5. Nc3 0-0 6. d4 exd4 7. Nxd4 Ne5 8. Bb3 d6 9. f4 Ng6 10. Nde2 c6 11. Ng3 Qb6+ 12. Kh1 Ng4 13. Qe1 Bh4 14. Qe2 Bxg3 15. hxg3 Qa5 16. f5 N6e5 17. Rf4 h5 18. Be3 Qd8 19. Bd4 Qg5 20. Bxe5 dxe5 21. Rf3 b6 22. Nd1 Bb7 23. Nf2 Rad8 24. Nxg4 hxg4 25. Rd3 Ba6 26. c4 Rxd3 27. Qxd3 Rd8 28. Qc3 Rd4 29. Re1 c5 30. a3 Qh6+ 31. Kg1 Qd6 32. Qc2 Rd2 33. Qc1 Qd4+ 34. Kh1 Qf2 35. Rg1 Rd6 36. Qg5 Rh6+ 37. Qxh6 gxh6 38. Kh2 h5 39. Bd1 h4 40. Bxg4 Qxg3+ 0-1

[Event "Konnerud CC-ch"]
[Site "Konnerud"]
[Date "2017.02.01"]
[Round "3"]
[White "Skogli, Paal"]
[Black "Nilsen, Helmer"]
[Result "1-0"]
[WhiteElo "1827"]
[BlackElo "1555"]
[PlyCount "54"]
[EventDate "2017.01.11"]
[EventType "swiss"]
[EventRounds "9"]
[EventCountry "NOR"]
[SourceTitle "EXT 2024"]
[Source "ChessBase"]
[SourceDate "2023.10.10"]
[SourceVersion "1"]
[SourceVersionDate "2023.10.10"]
[SourceQuality "1"]

1. e4 c5 2. d4 cxd4 3. c3 dxc3 4. Nxc3 Nc6 5. Nf3 d6 6. Bc4 h6 7. 0-0 Bg4 8. Qb3 e6 9. Qxb7 Nge7 10. Bb5 Qc8 11. Qxc8+ Rxc8 12. Nd4 e5 13. Nxc6 Nxc6 14. Be3 Bd7 15. Bxc6 Rxc6 16. Bxa7 Be7 17. Nd5 Bg5 18. Be3 Rc2 19. Bxg5 hxg5 20. b4 0-0 21. Rfc1 Rfc8 22. Ne7+ Kf8 23. Nxc8 Rxc8 24. Rxc8+ Bxc8 25. b5 Ke8 26. b6 Kd7 27. Rc1 Bb7 1-0

[Event "Asker op"]
[Site "Asker"]
[Date "2014.10.13"]
[Round "3"]
[White "Erlendson, Audun"]
[Black "Skogli, Paal"]
[Result "0-1"]
[WhiteElo "1346"]
[BlackElo "1756"]
[PlyCount "34"]
[EventDate "2014.09.01"]
[EventType "swiss"]
[EventRounds "9"]
[EventCountry "NOR"]
[SourceTitle "EXT 2017"]
[Source "ChessBase"]
[SourceDate "2016.10.25"]
[SourceVersion "1"]
[SourceVersionDate "2016.10.25"]
[SourceQuality "1"]

1. e4 d5 2. exd5 Nf6 3. c4 c6 4. dxc6 Nxc6 5. Nf3 e5 6. d3 e4 7. dxe4 Qxd1+ 8. Kxd1 Nxe4 9. Ke1 Bf5 10. a3 0-0-0 11. Be3 Bc5 12. Bxc5 Nxc5 13. Be2 Nb3 14. Ra2 Bxb1 15. c5 Bxa2 16. Bc4 Rhe8+ 17. Kf1 Rd1+ 0-1

[Event "Asker op"]
[Site "Asker"]
[Date "2014.09.22"]
[Round "1"]
[White "Skogli, Paal"]
[Black "Rostad, Rolf"]
[Result "1/2-1/2"]
[WhiteElo "1756"]
[BlackElo "1660"]
[PlyCount "110"]
[EventDate "2014.09.01"]
[EventType "swiss"]
[EventRounds "9"]
[EventCountry "NOR"]
[SourceTitle "EXT 2017"]
[Source "ChessBase"]
[SourceDate "2016.10.25"]
[SourceVersion "1"]
[SourceVersionDate "2016.10.25"]
[SourceQuality "1"]

1. d4 Nf6 2. Nf3 g6 3. c4 c5 4. d5 b5 5. Qc2 d6 6. e4 bxc4 7. Bxc4 Nbd7 8. 0-0 Bg7 9. Nc3 0-0 10. Re1 Ne8 11. Bf4 Nb6 12. Bf1 Bb7 13. a4 a5 14. Nb5 Nc7 15. Qd2 Qd7 16. Bh6 Rfb8 17. Bxg7 Kxg7 18. Qf4 Ba6 19. Ng5 f6 20. Ne6+ Nxe6 21. dxe6 Qc6 22. b3 Nc8 23. Rac1 Qb6 24. Bc4 Na7 25. Bd5 Bb7 26. Bc4 Nc6 27. Re3 Rh8 28. Rh3 h6 29. Rg3 Rag8 30. Rcc3 Kf8 31. Nxd6 Qc7 32. e5 Nxe5 33. Qxe5 Qxd6 34. Qxd6 exd6 35. e7+ Kxe7 36. Bxg8 Rxg8 37. Rge3+ Kf7 38. Red3 Ke6 39. f3 Rb8 40. Rc1 Bc6 41. Re1+ Kd7 42. Rde3 Bd5 43. Re7+ Kc6 44. Ra7 Bxb3 45. Rxa5 Rb4 46. Ra6+ Kd5 47. a5 c4 48. Rc1 Ra4 49. Ra8 Kd4 50. a6 Kd3 51. a7 Kd2 52. Rf1 Kc2 53. Rf8 Rxa7 54. Rxf6 Kb2 55. Rf2+ Bc2 1/2-1/2

[Event "Drammen CC-ch Class1"]
[Site "Drammen"]
[Date "2011.03.29"]
[Round "7"]
[White "Thjomoe, Hans Richard"]
[Black "Skogli, Paal"]
[Result "1-0"]
[WhiteElo "1696"]
[BlackElo "1637"]
[PlyCount "127"]
[EventDate "2011.01.11"]
[EventType "swiss"]
[EventRounds "9"]
[EventCountry "NOR"]
[SourceTitle "EXT 2024"]
[Source "ChessBase"]
[SourceDate "2023.10.10"]
[SourceVersion "1"]
[SourceVersionDate "2023.10.10"]
[SourceQuality "1"]

1. e4 e5 2. Nf3 d5 3. exd5 Bd6 4. Nc3 Nf6 5. d3 Bf5 6. Bg5 Nbd7 7. Ne4 h6 8. Nxd6+ cxd6 9. Bh4 Qa5+ 10. Nd2 Nxd5 11. Qf3 Be6 12. c3 0-0 13. Nc4 Qb5 14. Qd1 Qc6 15. Be2 Nf4 16. Ne3 Nxe2 17. Qxe2 f5 18. f3 d5 19. 0-0 Nf6 20. Bxf6 gxf6 21. Kh1 Kh7 22. Rac1 Rg8 23. f4 e4 24. d4 b5 25. Rg1 Rac8 26. g4 fxg4 27. Nxg4 Bf5 28. Ne3 Qd7 29. Qh5 Be6 30. Rxg8 Rxg8 31. Rg1 Rxg1+ 32. Kxg1 Qg7+ 33. Kf2 Qg6 34. Qh4 Kg7 35. Qg3 f5 36. Qh4 Qf6 37. Qh5 Qg6 38. Qe2 a6 39. Ng2 Kf6 40. Ke3 Qe8 41. Kd2 Bf7 42. Ne3 Ke6 43. Qg2 Qb8 44. Qg3 a5 45. Qh4 Qh8 46. Kc2 b4 47. Kb3 bxc3 48. bxc3 Qb8+ 49. Kc2 Qf8 50. c4 dxc4 51. d5+ Kd7 52. Qf6 Qe7 53. Qc6+ Kd8 54. Nxf5 Qa3 55. Qxc4 Qh3 56. Qxe4 Qxh2+ 57. Kc3 Qh3+ 58. Kd4 Qa3 59. Qb1 Qa4+ 60. Ke5 Qe8+ 61. Kf6 Bxd5 62. Qb6+ Kd7 63. Qd6+ Kc8 64. Ne7+ 1-0

[Event "Drammen CC-ch Class1"]
[Site "Drammen"]
[Date "2011.03.08"]
[Round "6"]
[White "Skogli, Paal"]
[Black "Brokke, Otto"]
[Result "1-0"]
[WhiteElo "1637"]
[BlackElo "1385"]
[PlyCount "99"]
[EventDate "2011.01.11"]
[EventType "swiss"]
[EventRounds "9"]
[EventCountry "NOR"]
[SourceTitle "EXT 2024"]
[Source "ChessBase"]
[SourceDate "2023.10.10"]
[SourceVersion "1"]
[SourceVersionDate "2023.10.10"]
[SourceQuality "1"]

1. d4 Nf6 2. Nf3 e6 3. c4 Bb4+ 4. Bd2 Bxd2+ 5. Nbxd2 b6 6. e4 d6 7. Bd3 Nbd7 8. 0-0 0-0 9. e5 dxe5 10. dxe5 Ng4 11. Be4 Rb8 12. Qc2 h6 13. Rfe1 f6 14. exf6 Ngxf6 15. Bg6 Nc5 16. b4 Nd3 17. Bxd3 Qd6 18. c5 bxc5 19. bxc5 Qc6 20. Nd4 Qd5 21. Nxe6 Bb7 22. c6 Bxc6 23. Nf4 Qg5 24. Bc4+ Nd5 25. Bxd5+ Bxd5 26. Nxd5 Qxd5 27. Qc4 c6 28. Re5 Qxc4 29. Nxc4 Rb4 30. Rc5 Rf4 31. Rc1 Rf6 32. Kf1 Re6 33. Ne5 Rb2 34. a4 Rf6 35. R1c2 Rb1+ 36. Ke2 Rb4 37. a5 Re6 38. Ke3 Rh4 39. h3 Ra4 40. f4 g5 41. g3 gxf4+ 42. gxf4 Ra3+ 43. R2c3 Ra1 44. Ke4 Kg7 45. Rg3+ Kf8 46. Kf5 Rd6 47. Nxc6 a6 48. Ne5 Rad1 49. Rc7 R1d5 50. Rf7+ 1-0

[Event "Drammen CC-ch Class1"]
[Site "Drammen"]
[Date "2011.02.22"]
[Round "5"]
[White "Klausen, Truls Skauge"]
[Black "Skogli, Paal"]
[Result "0-1"]
[WhiteElo "1576"]
[BlackElo "1637"]
[PlyCount "114"]
[EventDate "2011.01.11"]
[EventType "swiss"]
[EventRounds "9"]
[EventCountry "NOR"]
[SourceTitle "EXT 2024"]
[Source "ChessBase"]
[SourceDate "2023.10.10"]
[SourceVersion "1"]
[SourceVersionDate "2023.10.10"]
[SourceQuality "1"]

1. Nc3 Nf6 2. e4 e5 3. Bc4 Nc6 4. a3 d6 5. d3 Be6 6. Nd5 Be7 7. Ne2 Qd7 8. f4 Bg4 9. Be3 Nxd5 10. exd5 Nd4 11. Bxd4 exd4 12. Qd2 Bh4+ 13. g3 Bf6 14. 0-0-0 b5 15. Bb3 a5 16. Rde1 0-0 17. h3 Bxh3 18. Rh2 h5 19. c3 dxc3 20. Nxc3 Bxc3 21. bxc3 Bg4 22. Bd1 Rfe8 23. Reh1 g6 24. Rh4 f5 25. Bxg4 fxg4 26. R4h2 Qf5 27. Rf1 Re7 28. Re1 Rae8 29. Rhe2 Rxe2 30. Rxe2 Rxe2 31. Qxe2 Kf7 32. c4 h4 33. gxh4 Qxf4+ 34. Kc2 g3 35. Qe6+ Kg7 36. h5 gxh5 37. Qe7+ Qf7 38. Qg5+ Qg6 39. Qe7+ Kh6 40. Qe3+ Kh7 41. Qe7+ Qg7 42. Qe4+ Qg6 43. Qe7+ Kg8 44. Qd8+ Kg7 45. Qe7+ Qf7 46. Qg5+ Kh7 47. cxb5 Qf2+ 48. Kb3 g2 49. Qxh5+ Kg7 50. Qg5+ Kf7 51. Qh5+ Kf6 52. Qh6+ Ke5 53. Qe6+ Kf4 54. Qe4+ Kg3 55. Qg6+ Kh3 56. Qh5+ Qh4 57. Qf5+ Kh2 0-1

[Event "Drammen CC-ch Class1"]
[Site "Drammen"]
[Date "2011.02.15"]
[Round "4"]
[White "Roholdt, Njaal"]
[Black "Skogli, Paal"]
[Result "0-1"]
[WhiteElo "1382"]
[BlackElo "1637"]
[PlyCount "42"]
[EventDate "2011.01.11"]
[EventType "swiss"]
[EventRounds "9"]
[EventCountry "NOR"]
[SourceTitle "EXT 2024"]
[Source "ChessBase"]
[SourceDate "2023.10.10"]
[SourceVersion "1"]
[SourceVersionDate "2023.10.10"]
[SourceQuality "1"]

1. e4 e6 2. d4 c5 3. Nf3 cxd4 4. Nxd4 Nc6 5. Be3 Nf6 6. Nc3 Bb4 7. Bg5 Qa5 8. Ndb5 Nxe4 9. a3 Bxc3+ 10. bxc3 Nxg5 11. Nd6+ Ke7 12. Nb5 d5 13. Qg4 Ne4 14. Qxg7 Bd7 15. Bd3 Rag8 16. Qh6 Nxc3 17. 0-0 Nxb5 18. c4 dxc4 19. Bxc4 Nd6 20. Rad1 Qg5 21. Qh3 Nxc4 0-1

[Event "Drammen Autumn"]
[Site "Drammen"]
[Date "2010.11.09"]
[Round "7"]
[White "Skogli, Paal"]
[Black "Dawar, Emal"]
[Result "0-1"]
[WhiteElo "1643"]
[BlackElo "1477"]
[PlyCount "60"]
[EventDate "2010.09.07"]
[EventType "swiss"]
[EventRounds "9"]
[EventCountry "NOR"]
[SourceTitle "EXT 2024"]
[Source "ChessBase"]
[SourceDate "2023.10.10"]
[SourceVersion "1"]
[SourceVersionDate "2023.10.10"]
[SourceQuality "1"]

1. d4 Nf6 2. c4 e6 3. Nf3 b6 4. e3 Bb7 5. Bd3 Bb4+ 6. Bd2 Bxd2+ 7. Nbxd2 h6 8. e4 d6 9. 0-0 Nbd7 10. Re1 c5 11. e5 dxe5 12. dxe5 Nh5 13. Be4 Bxe4 14. Nxe4 0-0 15. Nd6 Nf4 16. Qd2 Ng6 17. Rad1 Qe7 18. Qc3 Nb8 19. Rd2 Nc6 20. Red1 Rad8 21. a3 a5 22. Qe3 Nh4 23. Nxh4 Qxh4 24. g3 Qh3 25. f4 h5 26. Qe4 Nd4 27. Nb5 h4 28. Qg2 Qg4 29. Nxd4 cxd4 30. Rxd4 Qxd1+ 0-1

[Event "Drammen Autumn"]
[Site "Drammen"]
[Date "2010.09.15"]
[Round "2"]
[White "Skogli, Paal"]
[Black "Edvardsen, Oystein"]
[Result "1-0"]
[WhiteElo "1643"]
[BlackElo "1404"]
[PlyCount "67"]
[EventDate "2010.09.07"]
[EventType "swiss"]
[EventRounds "9"]
[EventCountry "NOR"]
[SourceTitle "EXT 2024"]
[Source "ChessBase"]
[SourceDate "2023.10.10"]
[SourceVersion "1"]
[SourceVersionDate "2023.10.10"]
[SourceQuality "1"]

1. d4 f5 2. g4 fxg4 3. e4 d6 4. h3 gxh3 5. Nxh3 Nf6 6. Nc3 e5 7. Bg5 h6 8. Bxf6 Qxf6 9. Nd5 Qf7 10. dxe5 c6 11. Ne3 dxe5 12. Ng5 Qg6 13. Nh3 Qxe4 14. Bg2 Qb4+ 15. c3 Qxb2 16. Qh5+ Kd8 17. Rd1+ Bd7 18. Qxe5 Bb4 19. 0-0 Qxc3 20. Qe4 Re8 21. Qf4 g5 22. Qf7 Rf8 23. Qg6 Qf6 24. Qe4 Bd6 25. Qd3 Kc7 26. Nc4 Bc5 27. Qg3+ Kc8 28. Nd6+ Bxd6 29. Rxd6 Qf5 30. Re1 g4 31. Rd3 gxh3 32. Rf3 Qc5 33. Bxh3 Rxf3 34. Re8# 1-0

[Event "Oslo ASKO Pinseturnering-A"]
[Site "Oslo"]
[Date "2009.05.30"]
[Round "4"]
[White "Bergersen, Per A"]
[Black "Skogli, Paal"]
[Result "1/2-1/2"]
[WhiteElo "1502"]
[BlackElo "1640"]
[PlyCount "53"]
[EventDate "2009.05.30"]
[EventType "swiss"]
[EventRounds "6"]
[EventCountry "NOR"]
[SourceTitle "EXT 2011"]
[Source "ChessBase"]
[SourceDate "2010.11.26"]
[SourceVersion "1"]
[SourceVersionDate "2010.11.26"]
[SourceQuality "1"]

1. Nf3 Nf6 2. g3 d5 3. Bg2 c5 4. 0-0 Nc6 5. d4 cxd4 6. Nxd4 e5 7. Nxc6 bxc6 8. c4 Be6 9. Qa4 Qb6 10. Nc3 Rd8 11. cxd5 Nxd5 12. Nxd5 Bxd5 13. Be3 Qb5 14. Qxb5 cxb5 15. Rfd1 Bxg2 16. Rxd8+ Kxd8 17. Kxg2 a6 18. Bb6+ Kc8 19. Rc1+ Kb7 20. Bc7 f6 21. e4 Be7 22. Ba5 Bd8 23. Bb4 Bb6 24. f3 Rd8 25. Kf1 Rd3 26. Kg2 Be3 27. Rc2 1/2-1/2

[Event "Baltic Sea Cup"]
[Site "Ronne"]
[Date "2007.08.05"]
[Round "9.47"]
[White "Zachariassen, John"]
[Black "Skogli, Paal"]
[Result "1-0"]
[WhiteElo "1939"]
[BlackElo "1634"]
[PlyCount "63"]
[EventDate "2007.07.30"]
[EventType "swiss"]
[EventRounds "9"]
[EventCountry "DEN"]
[SourceTitle "EXT 2023"]
[Source "ChessBase"]
[SourceDate "2022.10.05"]
[SourceVersion "1"]
[SourceVersionDate "2022.10.05"]
[SourceQuality "1"]

1. c4 e5 2. g3 Nf6 3. Bg2 Bc5 4. Nc3 0-0 5. d3 Re8 6. Nf3 d5 7. cxd5 Nxd5 8. 0-0 c6 9. Qb3 Nxc3 10. bxc3 Nd7 11. Ng5 Qe7 12. a4 h6 13. Ne4 Kh8 14. Nxc5 Nxc5 15. Qc2 Ne6 16. a5 Bd7 17. e4 Qf6 18. f4 exf4 19. gxf4 Nc7 20. Bb2 Qh4 21. c4 Bg4 22. Qd2 Rad8 23. Qe3 Ne6 24. d4 a6 25. Bc3 Rd7 26. Ra2 Red8 27. Rd2 Kg8 28. h3 Bh5 29. f5 Ng5 30. Rf4 Nf3+ 31. Qxf3 Qg5 32. Qf2 1-0

[Event "Baltic Sea Cup"]
[Site "Ronne"]
[Date "2007.08.03"]
[Round "6.24"]
[White "Skogli, Paal"]
[Black "Kasparova, Tatiana"]
[Result "0-1"]
[WhiteElo "1634"]
[BlackElo "2217"]
[PlyCount "116"]
[EventDate "2007.07.30"]
[EventType "swiss"]
[EventRounds "9"]
[EventCountry "DEN"]
[SourceTitle "EXT 2023"]
[Source "ChessBase"]
[SourceDate "2022.10.05"]
[SourceVersion "1"]
[SourceVersionDate "2022.10.05"]
[SourceQuality "1"]

1. Nf3 Nf6 2. d3 e6 3. e4 d5 4. Nbd2 Bc5 5. e5 Nfd7 6. Nb3 Be7 7. d4 c5 8. c3 Nc6 9. Bf4 cxd4 10. Nbxd4 a6 11. Qa4 Nxd4 12. Nxd4 0-0 13. Qc2 Re8 14. Bd3 Nf8 15. Bg3 f6 16. 0-0 Bd7 17. Qe2 f5 18. f4 g5 19. fxg5 Bxg5 20. Bf4 Ng6 21. Bxg5 Qxg5 22. Nf3 Qg4 23. g3 Nf4 24. Qe3 Nxd3 25. Qxd3 Bb5 26. Qe3 Bxf1 27. Rxf1 Rac8 28. Nd4 Rc7 29. Qh6 Qg6 30. Qh3 Rg7 31. Ne2 Qg4 32. Qxg4 fxg4 33. Nf4 Rf8 34. Re1 Rf5 35. Nxe6 Re7 36. Nc5 Rexe5 37. Rxe5 Rxe5 38. Kf2 Re7 39. Nd3 Kf7 40. Nf4 Re5 41. Nd3 Rh5 42. Kg2 b6 43. Nf4 Re5 44. Kf2 Ke7 45. Nd3 Rh5 46. Kg2 Kd6 47. Nf4 Re5 48. Kf2 a5 49. Kf1 b5 50. Kf2 Re4 51. Nd3 d4 52. cxd4 Kd5 53. Nc1 Rxd4 54. Nb3 Rd3 55. Ke2 Rxb3 56. axb3 h5 57. h4 gxh3 58. b4 a4 0-1

[Event "Baltic Sea Cup"]
[Site "Ronne"]
[Date "2007.08.01"]
[Round "3.56"]
[White "Skogli, Paal"]
[Black "Holm, Kristian Stuvik"]
[Result "1-0"]
[WhiteElo "1634"]
[BlackElo "1000"]
[PlyCount "65"]
[EventDate "2007.07.30"]
[EventType "swiss"]
[EventRounds "9"]
[EventCountry "DEN"]
[SourceTitle "EXT 2023"]
[Source "ChessBase"]
[SourceDate "2022.10.05"]
[SourceVersion "1"]
[SourceVersionDate "2022.10.05"]
[SourceQuality "1"]

1. e4 c5 2. d4 cxd4 3. Nf3 Nc6 4. c3 dxc3 5. Nxc3 d6 6. Bc4 g6 7. 0-0 Bg7 8. Qe2 Bg4 9. Bxf7+ Kxf7 10. Ng5+ Kf8 11. Qxg4 Qc8 12. Qf3+ Nf6 13. Qd1 h6 14. Nf3 Kg8 15. Re1 Kh7 16. Bf4 Re8 17. e5 dxe5 18. Bxe5 a6 19. Qb3 b5 20. Nd5 Na5 21. Qd3 Nxd5 22. Qxd5 Qc4 23. Qd2 Nb7 24. Bxg7 Kxg7 25. Ne5 Qh4 26. Qd5 Nd6 27. Nc6 Qf6 28. Nxe7 Nc4 29. Re6 Rad8 30. Rxf6 Kxf6 31. Qf3+ Kxe7 32. Re1+ Kd7 33. Qf7+ 1-0